Jedenásť spôsobov ako dobre začať prezentáciu
Ako správne zaujať pri prezentácii ponúkaných produktov. Jedenásť rád pre dobrý začiatok. Tréning rozvoja prezentačných zručností. Správne formulovať myšlienky a vedieť motivovať. Zaujať vytvorením puta dôveryhodnosti a atmosférou dôvery.
Uložené v:
| Hlavný autor: | |
|---|---|
| Médium: | Kapitola |
| Jazyk: | Slovak |
| Predmet: | |
| Tagy: |
Žiadne tagy, Buďte prvý, kto otaguje tento záznam!
|
MARC
| LEADER | 00000naa$a2200000$$$4500 | ||
|---|---|---|---|
| 001 | 0103201 | ||
| 005 | 20230912094208.7 | ||
| 041 | 0 | |a slo | |
| 044 | |a SK | ||
| 245 | 1 | 0 | |a Jedenásť spôsobov ako dobre začať prezentáciu |c Martin Prodaj |
| 520 | |a Ako správne zaujať pri prezentácii ponúkaných produktov. Jedenásť rád pre dobrý začiatok. Tréning rozvoja prezentačných zručností. Správne formulovať myšlienky a vedieť motivovať. Zaujať vytvorením puta dôveryhodnosti a atmosférou dôvery. | ||
| 610 | 2 | 0 | |a komunikácia |
| 610 | 2 | 0 | |a motivácia |
| 610 | 2 | 0 | |a prezentácia firemná |
| 610 | 2 | 0 | |a produkty |
| 610 | 2 | 0 | |a propagácia |
| 100 | 1 | |a Prodaj, Martin | |